Blockchain Technology and Application (Record no. 13122)

MARC details
000 -LEADER
fixed length control field 00364nam a22001577a 4500
003 - CONTROL NUMBER IDENTIFIER
control field OSt
020 ## - INTERNATIONAL STANDARD BOOK NUMBER
International Standard Book Number 9781032965116
082 ## - DEWEY DECIMAL CLASSIFICATION NUMBER
Classification number 005.7
Item number BAB
100 ## - MAIN ENTRY--PERSONAL NAME
Personal name BANAFA, Ahmed
245 ## - TITLE STATEMENT
Title Blockchain Technology and Application
250 ## - EDITION STATEMENT
Edition statement Special Indian Ed.
260 ## - PUBLICATION, DISTRIBUTION, ETC. (IMPRINT)
Place of publication, distribution, etc New York,
Name of publisher, distributor, etc Routledge:
Date of publication, distribution, etc 2025.
300 ## - PHYSICAL DESCRIPTION
Extent xii,154p.
650 ## - SUBJECT ADDED ENTRY--TOPICAL TERM
Topical term or geographic name as entry element MCA
942 ## - ADDED ENTRY ELEMENTS (KOHA)
Source of classification or shelving scheme Dewey Decimal Classification
Koha item type Text Books
Holdings
Withdrawn status Lost status Source of classification or shelving scheme Damaged status Not for loan Collection code Home library Current library Date acquired Source of acquisition Currency Cost, normal purchase price Bill Number Total Checkouts Full call number Acc. no. / Barcode Date last seen Actual Cost, discounted price Bill Date Koha item type
    Dewey Decimal Classification     MCA PIET C-LIBRARY PIET C-LIBRARY 13/02/2025 Zafaa Books and Distributors INR 1995.00 ZBD0491   005.7 BAB 38743 13/02/2025 1296.75 13/02/2025 Text Books
    Dewey Decimal Classification     MCA PIET C-LIBRARY PIET C-LIBRARY 13/02/2025 Zafaa Books and Distributors INR 1995.00 ZBD0491   005.7 BAB 38744 13/02/2025 1296.75 13/02/2025 Text Books
    Dewey Decimal Classification     MCA PIET C-LIBRARY PIET C-LIBRARY 13/02/2025 CBS Publishers & Distributors PVT. LTD. INR 1595.00 CUST103680   005.7 BAB 38738 13/02/2025 1196.25 06/09/2024 Text Books

Design & Developed by: PIET Central Library
R70 Miles Stone Pattikalyana Samalkha Panipat 132102
mail ID :- [email protected], Phone No:- 0180-2569700 Ex.216